Elements of workshop technology - Volume I Manufacturing Processes (Record no. 917130)

MARC details
000 -LEADER
fixed length control field 00450nam a2200157Ia 4500
008 - FIXED-LENGTH DATA ELEMENTS--GENERAL INFORMATION
fixed length control field 231031s2018 xx 000 0 und d
020 ## - INTERNATIONAL STANDARD BOOK NUMBER
International Standard Book Number 9788185099149
041 ## - LANGUAGE CODE
Language code of text/sound track or separate title eng
082 ## - DEWEY DECIMAL CLASSIFICATION NUMBER
Classification number 621.75/CHO/ROY
100 ## - MAIN ENTRY--PERSONAL NAME
Personal name Choudhary S K H , Roy N.
245 ## - TITLE STATEMENT
Title Elements of workshop technology - Volume I Manufacturing Processes
250 ## - EDITION STATEMENT
Edition statement 16th Ed.
260 ## - PUBLICATION, DISTRIBUTION, ETC.
Place of publication, distribution, etc. Chandigarh
Name of publisher, distributor, etc. Media Promoters
Date of publication, distribution, etc. 2018
300 ## - PHYSICAL DESCRIPTION
Extent xvi, 648
650 ## - SUBJECT ADDED ENTRY--TOPICAL TERM
Topical term or geographic name entry element workshop technolgy
Holdings
Withdrawn status Lost status Damaged status Not for loan Home library Current library Date acquired Cost, normal purchase price Total Checkouts Full call number Barcode Date last seen Price effective from Koha item type
        BVDU Department of Engineering and Technology off Campus , Navi Mumbai BVDU Department of Engineering and Technology off Campus , Navi Mumbai 06/12/2019 280.00   621.75/CHO/ROY ETM-E516 31/10/2023 31/10/2023 Book